Noncoronary angioplasty and interventional radiologic treatment of vascular malformations / (Record no. 3768)
[ view plain ]
| 000 -LEADER | |
|---|---|
| fixed length control field | 01184pam a2200301 a 4500 |
| 003 - CONTROL NUMBER IDENTIFIER | |
| control field | ALUPE UNIVERSITY COLLEGE |
| 005 - DATE AND TIME OF LATEST TRANSACTION | |
| control field | 20220209094852.0 |
| 008 - FIXED-LENGTH DATA ELEMENTS--GENERAL INFORMATION | |
| fixed length control field | 940307s1995 mdua b 001 0 eng c |
| 020 ## - INTERNATIONAL STANDARD BOOK NUMBER | |
| International Standard Book Number | 0683080660 |
| 040 ## - CATALOGING SOURCE | |
| Transcribing agency | ALUPE UIVERSITY COLLEGE |
| 050 00 - LIBRARY OF CONGRESS CALL NUMBER | |
| Classification number | RD598.5 |
| Item number | .S98 1995 |
| 060 10 - NATIONAL LIBRARY OF MEDICINE CALL NUMBER | |
| Classification number | WG 550 S998n 1994 |
| 100 1# - MAIN ENTRY--PERSONAL NAME | |
| Personal name | Szlavy, Laszlo. |
| 245 10 - TITLE STATEMENT | |
| Title | Noncoronary angioplasty and interventional radiologic treatment of vascular malformations / |
| Statement of responsibility, etc. | Laszlo Szlavy, Juan M. Taveras. |
| 260 ## - PUBLICATION, DISTRIBUTION, ETC. | |
| Place of publication, distribution, etc. | Baltimore : |
| Name of publisher, distributor, etc. | Williams & Wilkins, |
| Date of publication, distribution, etc. | c1995. |
| 300 ## - PHYSICAL DESCRIPTION | |
| Extent | xi, 583 p. : |
| Other physical details | ill. ; |
| Dimensions | 29 cm. |
| 504 ## - BIBLIOGRAPHY, ETC. NOTE | |
| Bibliography, etc. note | Includes bibliographical references and index. |
| 650 #0 - SUBJECT ADDED ENTRY--TOPICAL TERM | |
| Topical term or geographic name entry element | Angioplasty. |
| 650 #0 - SUBJECT ADDED ENTRY--TOPICAL TERM | |
| Topical term or geographic name entry element | Blood-vessels |
| General subdivision | Interventional radiology. |
| 650 #2 - SUBJECT ADDED ENTRY--TOPICAL TERM | |
| Topical term or geographic name entry element | Atherosclerosis |
| General subdivision | therapy. |
| 650 #2 - SUBJECT ADDED ENTRY--TOPICAL TERM | |
| Topical term or geographic name entry element | Arterial Occlusive Diseases |
| General subdivision | therapy. |
| 650 #2 - SUBJECT ADDED ENTRY--TOPICAL TERM | |
| Topical term or geographic name entry element | Angioplasty, Transluminal, Percutaneous Coronary. |
| 650 #2 - SUBJECT ADDED ENTRY--TOPICAL TERM | |
| Topical term or geographic name entry element | Radiography, Interventional |
| General subdivision | methods. |
| 700 1# - ADDED ENTRY--PERSONAL NAME | |
| Personal name | Taveras, Juan M., |
| Dates associated with a name | 1919- |
| 906 ## - LOCAL DATA ELEMENT F, LDF (RLIN) | |
| a | 7 |
| b | cbc |
| c | orignew |
| d | 1 |
| e | ocip |
| f | 19 |
| g | y-gencatlg |
| 942 ## - ADDED ENTRY ELEMENTS (KOHA) | |
| Source of classification or shelving scheme | |
| Koha item type | Book |
| Withdrawn status | Lost status | Source of classification or shelving scheme | Damaged status | Not for loan | Permanent Location | Current Location | Shelving location | Date acquired | Source of acquisition | Total Checkouts | Full call number | Barcode | Date last seen | Price effective from | Koha item type | Public note |
|---|---|---|---|---|---|---|---|---|---|---|---|---|---|---|---|---|
| AU LIBRARY | AU LIBRARY | Open Shelf | 09.02.2022 | DONATION FROM MOI UNIVERSITY | RD598 .S98 1995 | 28005394 | 09.02.2022 | 09.02.2022 | Book | WO |